000
00366nam a2200157Ia 4500
003
GCL
008
140319s9999 xx 000 0 ara d
040
_a
GCL /
_c
GCL
082
0
4
_a
214
_b
ح ا
245
1
0
_a
الاسلام حضارة
300
_a
392 ص
490
_a
650
0
4
_a
الاسلام
650
0
4
_a
الثقافة الاسلامية
942
_2
ddc
_c
BK
999
_c
45720
_d
45720